| 000 | 00824cam a2200133 4500500 | ||
|---|---|---|---|
| 005 | 20260329023138.0 | ||
| 041 | _afre | ||
| 042 | _adc | ||
| 100 | 1 | 0 |
_aAvenel, Cyprien _eauthor |
| 245 | 0 | 0 | _aSociologie des quartiers sensibles : Domaines et approches |
| 260 |
_bArmand Colin,
_c2010. |
||
| 520 | _aEtude des mécanismes de construction sociopolitique du problème des banlieues. Le point sur les modes de vie et les sociabilités dans les quartiers, les violences urbaines et les délinquances. Analyse des réponses institutionnelles et politiques au problème des banlieues. Cette nouvelle édition traite des émeutes de 2005, de la rénovation urbaine et de la politique de la ville. | ||
| 856 | 4 | 1 | _uhttps://shs.cairn.info/sociologie-des-quartiers-sensibles--9782200248109?lang=fr&redirect-ssocas=7080 |
| 999 |
_c1925045 _d1925045 |
||